| 000 | 02008cam a2200349 a 4500 | ||
|---|---|---|---|
| 003 | OSt | ||
| 005 | 20210228172443.0 | ||
| 008 | 040719s2003 ck ad r 100 0 spa d | ||
| 040 |
_aCO-JMCR _cCO-JMCR |
||
| 041 | 0 | _aspa | |
| 082 | 0 | 4 |
_a352.0072 / _bE562e _219 |
| 111 | 2 |
_aEncuentro Colombia hacia la paz _n(4o. : _d2002 feb. 7-9 : _cGinebra, Suiza) _914085 |
|
| 245 | 1 | 3 |
_aEl futuro de la descentralización : _bexperiencias de quince años y perspectivas : memorias _cInstituto Universitario de Estudios del Desarrollo y Fundación para la Participación Comunitaria ; con la colaboración del Departamento Federal de Asuntos Exteriores ; organizadores Jean-Pierre Gontard...[y otros 4] |
| 250 | _aPrimera edición | ||
| 260 |
_aBogotá : _bFundación para la Participación Ciudadana, _c2003. |
||
| 300 |
_a334 páginas : _bilustraciones, gráficas y tablas ; _c23 cm. |
||
| 504 | _aIncluye referencias bibliográficas. | ||
| 505 | _aBalance de la descentralización en Colombia (1986-2001) -- Ley orgánica de ordenamiento territorial (1991-2002) -- Las instrucciones nacionales, departamentales y municipales frente a la descentralización -- Perspectivas regionales y municipales de la descentralización en Colombia | ||
| 650 | 2 | 4 |
_aDescentralización administrativa _zColombia _y1986-2001 _vCongresos _914086 |
| 650 | 2 | 4 |
_aOrdenamiento territorial _zColombia _y1986-2001 _vCongresos _914087 |
| 650 | 2 | 4 |
_aDescentralización municipal _zColombia _y1986-2001 _vCongresos _914088 |
| 650 | 2 | 4 |
_aConflicto armado _zColombia _vCongresos _911028 |
| 700 | 1 |
_aGontard, Jean-Pierre _914089 |
|
| 700 | 1 |
_aRestrepo Botero, Darió I. _914090 |
|
| 700 | 1 |
_aSoler Gómez, María Liliana _914091 |
|
| 700 | 1 |
_aDíaz Ramírez, Liliana _914092 |
|
| 700 | 1 |
_aToro Pérez, Catalina _914093 |
|
| 710 | 2 |
_aInstituto Universitario de Estudios del Desarrollo _914094 |
|
| 710 | 2 |
_aFundación para la Participación Comunitaria _914095 |
|
| 710 | 2 |
_aSuiza _bDepartamento Federal de Asuntos Exteriores _914096 |
|
| 942 |
_2ddc _cBK |
||
| 999 |
_c7370 _d7370 |
||